UM Logo

Cases on strategic management in the Philippine setting: (Record no. 2951)

MARC details
000 -LEADER
fixed length control field 00531nam a22001457a 4500
008 - FIXED-LENGTH DATA ELEMENTS--GENERAL INFORMATION
fixed length control field 160602b xxu||||| |||| 00| 0 eng d
020 ## - INTERNATIONAL STANDARD BOOK NUMBER
International Standard Book Number 971-542-343-4
082 ## - DEWEY DECIMAL CLASSIFICATION NUMBER
Edition number 2003
Classification number DFil 658.4012
Item number C26
245 ## - TITLE STATEMENT
Title Cases on strategic management in the Philippine setting:
Statement of responsibility, etc. edited by Emerlinda R. Roman
260 ## - PUBLICATION, DISTRIBUTION, ETC. (IMPRINT)
Place of publication, distribution, etc. Quezon City:
Name of publisher, distributor, etc. The University of the Philippines Press,
Date of publication, distribution, etc. c2003.
300 ## - PHYSICAL DESCRIPTION
Extent x, 340 pages:
Other physical details illustrations;
Dimensions 23 cm.
650 #0 - SUBJECT ADDED ENTRY--TOPICAL TERM
9 (RLIN) 9837
Topical term or geographic name as entry element Strategic planning
700 ## - ADDED ENTRY--PERSONAL NAME
9 (RLIN) 9838
Personal name Roman, Emerlinda R.
Relator term editor
942 ## - ADDED ENTRY ELEMENTS (KOHA)
Source of classification or shelving scheme Dewey Decimal Classification
Koha item type Filipiniana
Holdings
Withdrawn status Lost status Source of classification or shelving scheme Damaged status Not for loan Collection code Home library Current library Date acquired Source of acquisition Total Checkouts Full call number Barcode Date last seen Copy number Price effective from Koha item type
    Dewey Decimal Classification     Filipiniana UM Digos College - LIC UM Digos College - LIC 05/24/2006 Purchased   DFil 658.4012 C26 2003 18573 05/15/2025 1 06/02/2016 Filipiniana